Fr. Conceicao Rodrigues College of Engineering

Successful Project Management (Record no. 29018)

MARC details
000 -LEADER
fixed length control field 00400nam a2200181Ia 4500
082 ## - DEWEY DECIMAL CLASSIFICATION NUMBER
Classification number 004.24/ROS
Item number ROS
100 ## - MAIN ENTRY--PERSONAL NAME
Personal name Rosenau/Milton D
250 ## - EDITION STATEMENT
Edition statement 4
245 ## - TITLE STATEMENT
Title Successful Project Management
260 ## - PUBLICATION, DISTRIBUTION, ETC.
Name of publisher, distributor, etc. Wiley India
Place of publication, distribution, etc. New Delhi
Date of publication, distribution, etc. 2005
366 ## - TRADE AVAILABILITY INFORMATION
Publishers's discount category 20
300 ## - PHYSICAL DESCRIPTION
Extent 360
546 ## - LANGUAGE NOTE
Language note ENGLISH
650 ## - SUBJECT ADDED ENTRY--TOPICAL TERM
Topical term or geographic name entry element Project Management
654 ## - SUBJECT ADDED ENTRY--FACETED TOPICAL TERMS
Focus term project management
942 ## - ADDED ENTRY ELEMENTS (KOHA)
Koha item type BOOK
Holdings
Withdrawn status Lost status Damaged status Not for loan Collection Home library Current library Date acquired Source of acquisition Cost, normal purchase price Inventory number Total Checkouts Full call number Barcode Date last seen Date last checked out Cost, replacement price Price effective from Koha item type
        CRC Fr. Agnel's C.Rodrigues College of Engineering AGNEL TECHNICAL COLLEGE LIBRARY 17/03/2023 Ane Books India 199.20 354 1 004.24/ROS ROS 18662 07/11/2025 08/10/2025 249.00   BOOK